000 00541nam a2200193 a 4500
001 9990
003 CO-ViMGA
008 141112s2004 ck r 000 u spa d
020 _a9589610579
040 _aCO-ViMGA
_bspa
_cCO-ViMGA
082 0 4 _a796.6 I57b
245 1 0 _aReseña y Reglameto de ciclomontañismo y Bicicross
260 _aSantafé de Bogotá :
_bColdeportes,
_c1998
300 _a49p.
650 1 4 _aCAMPEONES MUNDIALES
_912346
650 1 4 _aREGLAMENTO
_912347
650 1 4 _aRESEÑA DEL BMX EN COLOMBIA
_912348
942 _2ddc
_cBK
999 _c21367
_d21367